00838nam a2200241 450000100060000000300080000600500170001400800410003102000150007203500190008704000320010604100080013808200200014624500660016626000520023230000270028450400310031165000400034270000290038294200120041199900170042395201560044035824BD-RjUL20211209052403.0140610s1969 nju b 000 0 eng d a0132835983 a(BD-RjUL)35919 aDLCcDLCdDLCdBD-RjULbeng aeng00a320.9bESS 196910aEssays in the history of political thought /c IsaacKramnick, aEnglewood Cliffs, N.J. :bPrentice-Hall ,c1969 axiii, 384 p. ;c23 cm. aBibliographical footnotes. 0aPolitical sciencexHistory.91091141 aKramnick, Isaac,9109115 2ddccBK c35824d35824 00102ddc40718NFICaRUCLbRUCLcReadingd1974-07-02eEuro Bangladesh News Agencyg50.00l0o320.9 ESS 1969r2014-06-10 00:00:00tC-1w2021-12-09yBK